000 00294nam a2200097Ia 4500
082 _aJ 666.1STEV
245 0 _aGlass : from beads to bottles to windowpanes
100 _a Stevens, Beth Dvergsten Logan, Iowa, 2004
_970158
942 _cBK
008 210817s9999 xx 000 0 und d
999 _c389960
_d389959